| 000 | 00381nam a22001457a 4500 | ||
|---|---|---|---|
| 020 | _a978-981-4577-46-5 | ||
| 082 | _a658.421 | ||
| 100 | _aSpinell, Stephen | ||
| 245 |
_aNew Venture Creation: _bEntrepreneurship for the 21st Century |
||
| 250 | _a10th | ||
| 260 |
_aNew York: _bMcGraw-Hill, _c2016 |
||
| 300 | _axx, 484p.: ill.; 28cm | ||
| 700 | _aAdams, Robert A. | ||
| 942 | _cBK | ||
| 999 |
_c22180 _d22180 |
||